000 01054nam a22002774aa4500
003 BOFEUTO
005 20260513113111.0
008 260504t2025 bo gr 000 f spa d
040 _6BOFEUTO
_aBOFEUTO
_cBOFEUTO
041 _aspa
044 _abo
082 _aTE6320
_bV426e
100 _aVeizaga Mamani, Giovanna
_eautor
245 _aEstrategias de marketing de causas sociales para la Empresa Municipal de Aseo Oruro (EMAO), de la ciudad de Oruro. /
_c Giovanna Veizaga Mamani, Claudia Gutiérrez Ledezma
260 _aOruro :
_bs/n,
_c2025.
300 _a144 hojas ;
_bgráf, ilus. ;
_c28.5 cm.
500 _aIncluye bibliografía, anexos.
502 _aTesis Dirigida, (Licenciatura) -- Universidad Técnica de Oruro, Facultad de Ciencias Económicas, Financieras y Administrativas, Carrera Administración de Empresas, 2025.
650 _aEstrategias de Marketing
653 _aInstituciones
653 _aCantidad
653 _aServicio
653 _aLimpieza
700 _aGutiérrez Ledezma, Claudia
_etutor
942 _2ddc
_cTE
_n0
999 _c16175
_d16175